000 00523cam a2200181 4500500
005 20260329004611.0
041 _afre
042 _adc
100 1 0 _aRontard, Yseult
_eauthor
245 0 0 _aLe Contrat naturel
260 _c2020.
500 _a39
690 _aMichel Serres
690 _aNature
690 _aVivant
786 0 _nPhilosophie magazine | 141 | 8 | 2020-08-01 | p. 57-57 | 1951-1787
856 4 1 _uhttps://shs.cairn.info/magazine-philosophie-magazine-2020-8-page-57?lang=fr&redirect-ssocas=7080
999 _c1835519
_d1835519